Estadísticas para Geografía por Letra - L

Haz click aquí para tomar la prueba!

Estadísticas generales

  • Esta prueba ha sido tomada 3.988 veces
  • La puntuación promedio es 16 de 24

Estadísticas de respuestas

PistaRespuesta% Correcto
Capital de InglaterraLondres
100%
Capital de PortugalLisboa
97%
País situado al sur de LetoniaLituania
96%
Lengua del imperio romanoLatín
92%
Famoso museo en FranciaLouvre
92%
Vecino de IsraelLíbano
90%
País completamente rodeado de SudáfricaLesoto
88%
2da ciudad más grande de los EE. UU.Los Angeles
87%
La capital de los juegos de azar y las ejecuciones hipotecarias de los EE.UU.Las Vegas
81%
Ciudad natal de The BeatlesLiverpool
79%
Estado de EE. UU. llamado así por un rey francésLuisiana
79%
Antigua moneda italianaLira
74%
País fundado para los esclavos americanos liberadosLiberia
73%
Antiguo nombre de San PetersburgoLeningrado
71%
La ciudad más grande de NigeriaLagos
57%
Aerolínea nacional de AlemaniaLufthansa
51%
Región del norte de Noruega, Suecia, Finlandia y RusiaLaponia
49%
La isla más grande de Nueva YorkLong Island
43%
Río más largo de FranciaLoira
41%
Isla griega de SafoLesbos
35%
Ciudad importante en YorkshireLeeds
32%
Fundador del taoísmoLao-Tse
30%
Isla principal de FilipinasLuzón
30%
Tipo de poema o ciudad en IrlandaLimerick
22%

Distribución de puntuación

Porcentaje por número respondido

Porcentaje de gente con cada puntuación

Historial de tus puntuaciones

No has tomado esta prueba